Presidentes de la REPÚBLICA de Colombia (2017) - Estadísticas

Estadísticas generales
  • Esta prueba ha sido intentada 528 veces
  • La puntuación promedio es 17 de 42
Estadísticas de respuestas
Periodo Respuesta % Correcto
( 2002 - 2006 ) Álvaro Uribe Vélez
96%
( 2006 - 2010) Álvaro Uribe Vélez
96%
( 2010 - 2014 ) Juan Manuel Santos
94%
( 2014 - 2018) Juan Manuel Santos
94%
( 1998 - 2002 ) Andrés Pastrana
75%
( 1990 - 1994 ) César Gaviria
72%
( 1986 - 1990 ) Virgilio Barco
68%
( 1994 - 1998 ) Ernesto Samper
66%
( 1953 - 1957 ) Gral. Gustavo Rojas Pinilla
65%
( 1982 - 1986 ) Belisario Betancur
62%
( 1970 - 1974 ) Misael Pastrana Borrero
56%
( 1942 - 1945 ) Alfonso López Pumarejo
51%
( 1978 - 1982 ) Julio César Turbay
47%
( 1974 - 1978 ) Alfonso López Michelsen
46%
( 1950 - 1951 ) Laureano Gómez
45%
( 1958 - 1962 ) Alberto LLeras Camargo
44%
( 1887 - 1888 ) Rafael Núñez
44%
( 1892 - 1892 ) Rafael Núñez
44%
( 1966 - 1970 ) Carlos Lleras Restrepo
36%
( 1946 - 1950 ) Mariano Ospina Pérez
35%
( 1938 - 1942 ) Eduardo Santos
33%
( 1930 - 1934 ) Enrique Olaya Herrera
32%
( 1962 - 1966 ) Guillermo León Valencia
32%
( 1957 - 1958 ) Junta Militar
29%
( 1945 - 1946 ) Alberto Lleras Camargo
28%
( 1934 - 1938 ) Alfonso López Pumarejo
27%
( 1904 - 1909 ) Rafael Reyes
25%
( 1951 - 1953 ) Roberto Urdaneta Arbeláez
25%
( 1918 - 1921) Marco Fidel Suárez
23%
( 1922 - 1926 ) Pedro Nel Ospina
20%
( 1900 - 1904 ) José Manuel Marroquín
19%
( 1892 - 1898 ) Miguel Antonio Caro
18%
( 1926 - 1930 ) Miguel Abadía Méndez
16%
( 1914 - 1918) José Vicente Concha
15%
( 1909 - 1909 ) Jorge Holguín
14%
( 1921 - 1922 ) Jorge Holguín
14%
( 1898 - 1900 ) Manuel Anonio Sanclemente
14%
( 1910 - 1914 ) Carlos Eugenio Restrepo
13%
( 1888 - 1892 ) Carlos Holguín Mallarino
8%
( 1886 - 1887 ) José María Campo
8%
( 1909 - 1910 ) Ramón González Valencia
8%
( 1887 - 1887 ) Eliseo Payán
6%
No se encontraron pruebas coincidentes
Distribución de puntuación
Porcentaje de gente con cada puntuación
Porcentaje por número respondido
Historial de tus puntuaciones
No has intentado esta prueba.